[Event "8th American Continental (w)"]
[Site "Lima PER"]
[Date "2016.02.28"]
[Round "9.7"]
[White "Rivera Banqueth, Ingris"]
[Black "Dongo Pinzon, Melanie"]
[Result "1-0"]
[WhiteElo "2262"]
[BlackElo "1741"]
[EventDate "2016.02.20"]
[PlyCount "51"]

1.d4 Nf6 2.Nf3 g6 3.g3 Bg7 4.Bg2 O-O 5.O-O d6 6.c4 Nc6 7.Nc3 a6 8.h3 Rb8 
9.a4 Na5 10.Nd2 c5 11.d5 Bd7 12.e4 b5 13.axb5 axb5 14.cxb5 Bxb5 15.Nxb5 
Rxb5 16.Re1 Rb4 17.Ra3 Qb6 18.Bf1 Nd7 19.b3 Ne5 20.Kg2 c4 21.bxc4 Nexc4 
22.Nxc4 Nxc4 23.Ra2 Rb8 24.Rc2 Na5 25.Bd2 Rb1 26.Qxb1 1-0

[Event "8th American Continental (w)"]
[Site "Lima PER"]
[Date "2016.02.28"]
[Round "9.8"]
[White "Castrillon Gomez, Melissa"]
[Black "Perez Rodriguez, Jennifer"]
[Result "1/2-1/2"]
[WhiteElo "2215"]
[BlackElo "2155"]
[EventDate "2016.02.20"]
[PlyCount "134"]

1.e4 e5 2.Nf3 Nc6 3.Nc3 Nf6 4.Bb5 Bb4 5.O-O O-O 6.d3 Bxc3 7.bxc3 d6 8.Bg5 
Qe7 9.Nd2 h6 10.Bh4 g5 11.Bg3 Bg4 12.f3 Bd7 13.Bxc6 Bxc6 14.Nc4 Nh5 15.Ne3
Nf4 16.Nf5 Qf6 17.d4 Rad8 18.Rb1 b6 19.Ne3 h5 20.Kh1 Bb7 21.Qd2 Qg6 22.
Rbd1 f6 23.Nf5 Kh7 24.Bxf4 exf4 25.d5 Bc8 26.Ne7 Qf7 27.Nc6 Rde8 28.Qd3 
Kh6 29.Nxa7 Bb7 30.Nb5 Ra8 31.Qc4 Ba6 32.a4 Bxb5 33.axb5 Ra5 34.Qd3 Qe8 
35.c4 Qe5 36.c3 Rfa8 37.Rb1 Ra2 38.Kg1 R8a3 39.Rbc1 Rb3 40.Rf2 Rxf2 41.
Kxf2 Ra3 42.Qd2 Qe8 43.Rc2 Qa8 44.Qd4 Kg6 45.Qd3 Kh6 46.Ke2 Ra1 47.Qd4 Kg6
48.Rd2 Qa3 49.Rd1 Qa2+ 50.Rd2 Qb1 51.Rd1 Ra2+ 52.Rd2 Ra1 53.Rd1 Ra2+ 54.
Rd2 Rxd2+ 55.Qxd2 Qg1 56.Kd3 Qxh2 57.c5 bxc5 58.b6 cxb6 59.Kc4 g4 60.Qe2 
h4 61.e5 fxe5 62.Qe4+ Kf6 63.fxg4 Qg3 64.Qf5+ Kg7 65.Qd7+ Kg8 66.Qe8+ Kg7 
67.Qe7+ Kg8 1/2-1/2

[Event "8th American Continental (w)"]
[Site "Lima PER"]
[Date "2016.02.28"]
[Round "9.9"]
[White "Chumpitaz Carbajal, Ann"]
[Black "Parkhurst Casas, Miriam"]
[Result "1/2-1/2"]
[WhiteElo "2209"]
[BlackElo "1884"]
[EventDate "2016.02.20"]
[PlyCount "121"]

1.Nf3 Nf6 2.g3 b6 3.Bg2 Bb7 4.c4 e6 5.O-O Be7 6.b3 c5 7.Bb2 O-O 8.Nc3 d6 
9.Re1 e5 10.d3 Nh5 11.e3 g6 12.d4 e4 13.Nd2 f5 14.a3 Bf6 15.Nf1 Nc6 16.Nd5
Bg7 17.Rb1 Ne7 18.Nxe7+ Qxe7 19.b4 d5 20.bxc5 dxc4 21.Qa4 Bd5 22.Nd2 Qf7 
23.Bf1 bxc5 24.Nxc4 f4 25.exf4 cxd4 26.Nd6 Qc7 27.Nxe4 Nxf4 28.Bxd4 Ne6 
29.Bxg7 Qxg7 30.Bg2 Rad8 31.Rbd1 Qf7 32.f4 Nxf4 33.gxf4 Bb3 34.Rxd8 Bxa4 
35.Ng5 Rxd8 36.Nxf7 Kxf7 37.Rb1 Rd1+ 38.Rxd1 Bxd1 39.Kf2 Kf6 40.Ke3 Ba4 
41.Be4 Bd7 42.Kd4 Bf5 43.Bd5 Bb1 44.Bb7 Kf5 45.Ke3 Kg4 46.Bg2 Bf5 47.Bf1 
h5 48.Bg2 Bd7 49.Bf1 h4 50.Bg2 Bc8 51.Be4 Bf5 52.Bg2 Bb1 53.Bf1 Bc2 54.Bg2
g5 55.Bf3+ Kf5 56.fxg5 Kxg5 57.Be2 Bf5 58.Bf3 Bg4 59.Bg2 Bd1 60.Bh3 Bc2 
61.Kf3 1/2-1/2

[Event "8th American Continental (w)"]
[Site "Lima PER"]
[Date "2016.02.28"]
[Round "9.10"]
[White "Besso, Guadalupe"]
[Black "Martinez, Ayelen"]
[Result "1/2-1/2"]
[WhiteElo "1996"]
[BlackElo "2193"]
[EventDate "2016.02.20"]
[PlyCount "98"]

1.d4 d6 2.c4 e5 3.dxe5 dxe5 4.Qxd8+ Kxd8 5.Nc3 Be6 6.e4 c6 7.Be3 Nd7 8.Nf3
f6 9.Rd1 Kc7 10.Be2 Bb4 11.Rc1 Ne7 12.O-O Bc5 13.Bxc5 Nxc5 14.b4 Na6 15.a3
Bf7 16.c5 Rad8 17.Rb1 Ng6 18.g3 Nf8 19.Rfd1 Ne6 20.Bc4 Bh5 21.Be2 Bf7 22.
Bc4 Bh5 23.Be2 Rxd1+ 24.Rxd1 Bxf3 25.Bxf3 Nd4 26.Be2 Nxe2+ 27.Nxe2 Rd8 28.
Rxd8 Kxd8 29.f3 Kc7 30.Kf2 b6 31.cxb6+ Kxb6 32.Nc3 Nc7 33.Ke3 Ne6 34.Kd3 
Nd4 35.f4 Nf3 36.h3 h5 37.f5 Nd4 38.h4 Kc7 39.a4 Kd6 40.Kc4 Nc2 41.b5 Ne3+
42.Kb4 Nf1 43.Ne2 Nd2 44.Nc3 Kc7 45.Ka5 cxb5 46.Kxb5 Nf1 47.Ka6 Kb8 48.Ne2
Nd2 49.Nc3 Nf1 1/2-1/2

[Event "8th American Continental (w)"]
[Site "Lima PER"]
[Date "2016.02.28"]
[Round "9.11"]
[White "Aliaga Fernandez, Ingrid"]
[Black "Solis Chimoy, Blanca"]
[Result "1-0"]
[WhiteElo "2173"]
[BlackElo "1869"]
[EventDate "2016.02.20"]
[PlyCount "83"]

1.e4 d6 2.d4 Nf6 3.Nc3 g6 4.f4 Bg7 5.Nf3 O-O 6.Bd3 Na6 7.O-O c5 8.d5 Nc7 
9.a4 Na6 10.Bc4 Nb4 11.a5 a6 12.e5 dxe5 13.fxe5 Ng4 14.Bf4 Nh6 15.Qd2 Nf5 
16.Ne4 e6 17.d6 b5 18.axb6 Qxb6 19.c3 Bb7 20.Rfe1 Nd5 21.Bg5 h6 22.Bxd5 
hxg5 23.Bxb7 g4 24.Bxa8 gxf3 25.Nf6+ Bxf6 26.Bxf3 Bd8 27.g3 Kg7 28.Kg2 a5 
29.Re2 f6 30.Qf4 g5 31.Qc4 fxe5 32.Qxe6 Nxd6 33.Rd1 Nf7 34.Qxb6 Bxb6 35.
Bh5 Nd8 36.Rxe5 Kf6 37.Red5 Ne6 38.Rf1+ Ke7 39.Rxf8 Kxf8 40.Rd6 Ng7 41.
Rxb6 Nxh5 42.Rc6 1-0

[Event "8th American Continental (w)"]
[Site "Lima PER"]
[Date "2016.02.28"]
[Round "9.12"]
[White "Caballero Quijano, Mitzy Mishell"]
[Black "Orozco Lopez, Lina Yomayra"]
[Result "1/2-1/2"]
[WhiteElo "1909"]
[BlackElo "2118"]
[EventDate "2016.02.20"]
[PlyCount "56"]

1.d4 Nf6 2.Nf3 c5 3.d5 b5 4.Bg5 Ne4 5.Bf4 Qb6 6.Nbd2 Nxd2 7.Qxd2 f5 8.c3 
d6 9.Qc2 g6 10.h4 Bg7 11.h5 Nd7 12.hxg6 hxg6 13.Rxh8+ Bxh8 14.Nh4 Nf8 15.
Bg5 Bf6 16.Bxf6 exf6 17.g4 fxg4 18.Nxg6 Qb7 19.Qe4+ Kf7 20.Nxf8 Kxf8 21.
O-O-O Qe7 22.Qxe7+ Kxe7 23.e4 a6 24.Be2 f5 25.Rg1 fxe4 26.Bxg4 Kf6 27.Kd2 
Bxg4 28.Rxg4 Kf5 1/2-1/2

[Event "8th American Continental (w)"]
[Site "Lima PER"]
[Date "2016.02.28"]
[Round "9.13"]
[White "Peng, Jackie"]
[Black "Heredia Serrano, Carla"]
[Result "1/2-1/2"]
[WhiteElo "1922"]
[BlackElo "2185"]
[EventDate "2016.02.20"]
[PlyCount "163"]

1.e4 c6 2.d4 d5 3.Nc3 dxe4 4.Nxe4 Bf5 5.Ng3 Bg6 6.h4 h6 7.Nf3 Nd7 8.h5 Bh7
9.Bd3 Bxd3 10.Qxd3 e6 11.Bd2 Ngf6 12.O-O-O a5 13.Ne4 Nxe4 14.Qxe4 Nf6 15.
Qe2 Bb4 16.c3 Be7 17.Ne5 a4 18.Kb1 Qd5 19.f3 Ra6 20.g4 Rb6 21.c4 Qd8 22.
Ba5 O-O 23.Ka1 Re8 24.Bxb6 Qxb6 25.Rhg1 a3 26.b3 Rd8 27.c5 Qb4 28.Qc4 Qa5 
29.b4 Qa4 30.Qb3 Qxb3 31.axb3 Nd5 32.Nd3 Ne3 33.Rd2 Rxd4 34.Re1 Rxd3 35.
Rxd3 Nc2+ 36.Kb1 Nxe1 37.Rd7 Bf6 38.Rxb7 Nd3 39.Ra7 Nxb4 40.Rxa3 Be7 41.
Ra8+ Kh7 42.Ra7 Bxc5 43.Rxf7 e5 44.Kb2 Bd4+ 45.Kc1 Nd5 46.Kd2 Bc5 47.Rb7 
Nb4 48.Kc3 Nd5+ 49.Kd3 Bd4 50.Rd7 Kg8 51.Rb7 Nf6 52.Rc7 c5 53.Rb7 e4+ 54.
fxe4 Nxg4 55.Kc4 Nf6 56.b4 Nxe4 57.bxc5 Bxc5 58.Kd5 Nf6+ 59.Kxc5 Nxh5 60.
Kd5 Kh7 61.Ke4 Kg6 62.Kf3 Nf6 63.Rb6 Kh5 64.Rb4 g5 65.Kg3 Nd5 66.Ra4 Ne7 
67.Ra5 Ng6 68.Ra4 Ne5 69.Rb4 Nd7 70.Ra4 Nf6 71.Rb4 Kg6 72.Rb6 h5 73.Ra6 
h4+ 74.Kh3 Kf5 75.Ra5+ Kf4 76.Ra4+ Ne4 77.Rb4 Kf5 78.Rb5+ Kg6 79.Kg4 Nf2+ 
80.Kf3 Nd3 81.Kg4 Nf2+ 82.Kf3 1/2-1/2

[Event "8th American Continental (w)"]
[Site "Lima PER"]
[Date "2016.02.28"]
[Round "9.14"]
[White "Garcia Contreras, Ana"]
[Black "Mostacero Velarde, Isabella"]
[Result "1-0"]
[WhiteElo "1759"]
[BlackElo "1705"]
[EventDate "2016.02.20"]
[PlyCount "41"]

1.e4 c5 2.Nf3 e6 3.d3 d5 4.Nbd2 Nc6 5.g3 Bd6 6.Bg2 Nf6 7.O-O O-O 8.Re1 Qc7
9.Qe2 dxe4 10.dxe4 e5 11.c3 h6 12.Nc4 Be7 13.Nh4 b5 14.Ne3 a6 15.Nd5 Qb7 
16.Be3 Bg4 17.Nxf6+ Bxf6 18.Qxg4 Bxh4 19.gxh4 Qe7 20.Bxh6 f6 21.Bh3 1-0

[Event "8th American Continental (w)"]
[Site "Lima PER"]
[Date "2016.02.28"]
[Round "9.15"]
[White "Cosme Contreras, Trilce"]
[Black "Rodriguez Ibarra, Sofia"]
[Result "1-0"]
[WhiteElo "1757"]
[BlackElo "1794"]
[EventDate "2016.02.20"]
[PlyCount "69"]

1.c4 e5 2.Nc3 Nc6 3.g3 g6 4.Bg2 Bg7 5.d3 d6 6.Rb1 f5 7.e3 Nge7 8.Nge2 Be6 
9.Nd5 Qd7 10.a3 Nd8 11.O-O c6 12.Nxe7 Qxe7 13.Nc3 O-O 14.b3 e4 15.Bb2 d5 
16.dxe4 dxe4 17.Kh1 Nf7 18.f3 exf3 19.Bxf3 Ne5 20.Qc2 f4 21.gxf4 Nxf3 22.
Rxf3 Bg4 23.Rg3 Bf5 24.e4 Bd7 25.Rf1 Qh4 26.Ne2 Bxb2 27.Qxb2 Rae8 28.Qd4 
Bg4 29.Ng1 Rd8 30.Qf2 Rd6 31.h3 Bc8 32.Rxg6+ Rxg6 33.Qxh4 Rff6 34.f5 Rh6 
35.Qg5+ 1-0

[Event "8th American Continental (w)"]
[Site "Lima PER"]
[Date "2016.02.28"]
[Round "9.16"]
[White "Bocangel Chavez, Marjoire"]
[Black "Arias Cango, Nathaly"]
[Result "0-1"]
[WhiteElo "1708"]
[BlackElo "1888"]
[EventDate "2016.02.20"]
[PlyCount "58"]

1.e4 c5 2.Nc3 a6 3.a4 b6 4.f4 Bb7 5.Bc4 e6 6.Nf3 d6 7.O-O Nf6 8.f5 d5 9.
fxe6 dxc4 10.exf7+ Kd7 11.e5 Nd5 12.d4 Kc8 13.Ng5 Nxc3 14.Qg4+ Qd7 15.e6 
Qxd4+ 16.Qxd4 Ne2+ 17.Kh1 Nxd4 18.c3 Nb3 19.Rb1 h6 20.Re1 Be7 21.Ne4 Bxe4 
22.Rxe4 Nxc1 23.Rxc1 Nc6 24.Rg4 Bf6 25.Rxc4 Kd8 26.Rd1+ Ke7 27.Re4 Rad8 
28.Rde1 Ne5 29.h3 Kxe6 0-1

[Event "8th American Continental (w)"]
[Site "Lima PER"]
[Date "2016.02.28"]
[Round "9.17"]
[White "Oncoy Custodio, Shantal Tania"]
[Black "Francia Arzapalo, Gianella"]
[Result "1/2-1/2"]
[WhiteElo "1510"]
[BlackElo "1486"]
[EventDate "2016.02.20"]
[PlyCount "57"]

1.e4 g6 2.d4 Bg7 3.f4 d6 4.Nf3 a6 5.Nc3 Nd7 6.Be3 b5 7.a3 Bb7 8.e5 Nh6 9.
Bd3 Ng4 10.Bd2 e6 11.O-O O-O 12.a4 b4 13.Ne4 Bxe4 14.Bxe4 d5 15.Bd3 a5 16.
c3 bxc3 17.bxc3 Nh6 18.Qc2 Nb6 19.c4 dxc4 20.Bxc4 Nf5 21.Qc3 h6 22.Kh1 Ra7
23.Rfc1 Ne7 24.Qb3 Nbd5 25.Bxd5 Nxd5 26.Rc5 Qa8 27.Rb1 Rc8 28.Rb5 Bf8 29.
Rc5 1/2-1/2

[Event "8th American Continental (w)"]
[Site "Lima PER"]
[Date "2016.02.28"]
[Round "9.18"]
[White "Romero Dongo, Antonella"]
[Black "Estrada Cantaro, Alexandra Fiorella"]
[Result "0-1"]
[WhiteElo "1781"]
[BlackElo "1635"]
[EventDate "2016.02.20"]
[PlyCount "58"]

1.d4 Nf6 2.Nc3 g6 3.e4 d6 4.Nf3 Bg7 5.Be2 O-O 6.O-O Nbd7 7.h3 b6 8.Re1 Bb7
9.Bc4 e5 10.d5 a6 11.a4 h6 12.Be3 Kh7 13.Nd2 Nh5 14.Na2 Nf4 15.Kh2 Nc5 16.
Nc3 Nd7 17.Qg4 Qe7 18.Nf1 Nh5 19.Rad1 Rae8 20.Qe2 Ra8 21.Kh1 Qh4 22.Nh2 
Nf4 23.Qd2 Nh5 24.Qe2 Nf4 25.Qg4 Qxg4 26.Nxg4 f5 27.Nh2 Nh5 28.Bc1 fxe4 
29.Nxe4 Nf4 0-1

[Event "8th American Continental (w)"]
[Site "Lima PER"]
[Date "2016.02.28"]
[Round "9.19"]
[White "Bohorquez Canizares, Maria"]
[Black "Pescoran Machaca, Mariabelen"]
[Result "1-0"]
[WhiteElo "1574"]
[BlackElo "1299"]
[EventDate "2016.02.20"]
[PlyCount "77"]

1.e4 e6 2.d4 d5 3.exd5 exd5 4.Nf3 Nc6 5.c3 Nf6 6.Bd3 Be7 7.O-O O-O 8.Nbd2 
Bd7 9.Qc2 h6 10.b4 a6 11.a4 Na7 12.Nh4 Ne4 13.Nhf3 Nxd2 14.Bxd2 c6 15.Ne5 
Be6 16.f4 Bf6 17.Rf3 Kh8 18.Re1 Qc7 19.Bc1 b5 20.a5 Nc8 21.Ng6+ fxg6 22.
Rxe6 Qd7 23.Re1 Bh4 24.Ref1 Ne7 25.Bxg6 Nxg6 26.Qxg6 Rae8 27.g3 Bf6 28.f5 
Re4 29.Re3 Rxe3 30.Bxe3 Qe7 31.Re1 Qd7 32.Bf4 Rf7 33.Be5 Kg8 34.Bxf6 Rxf6 
35.Re8+ Rf8 36.Rxf8+ Kxf8 37.f6 gxf6 38.Qxf6+ Ke8 39.Qxh6 1-0